| 000 | 01403nam a2200277Ia 4500 | ||
|---|---|---|---|
| 999 |
_c4858 _d4858 |
||
| 003 | OSt | ||
| 005 | 20200623183809.0 | ||
| 008 | 191128s2014 ck ad fr 000 0dspa d | ||
| 020 | _a9789587202434 | ||
| 040 |
_aCO-JMCR _cCO-JMCR |
||
| 041 | 0 | _aspa | |
| 082 | 0 | 4 |
_a332.632 / _bA382i _223 |
| 100 | 1 |
_aAgudelo Rueda, Diego Alonso, _eautor _95900 |
|
| 245 | 1 | 0 |
_aInversiones en renta variable : _bfundamentos y aplicaciones al mercado accionario colombiano / _cDiego Alonso Agudelo Rueda |
| 250 | _aPrimera edición | ||
| 260 |
_aMedellín : _bFondo Editorial Universidad EAFIT, _c2014 |
||
| 300 |
_a473 páginas : _bgráficos a blanco y negro ; _c24 cm. |
||
| 500 | _aIncluye datos biográficos del autor en solapa frontal. | ||
| 504 | _aBibliografía: páginas 465-473 | ||
| 505 | 0 | _aCaracterísticas generales del mercado de acciones en Colombia -- Rendimiento y riego -- Teoría de portafolio -- Modelos de valoración de activos de capital -- Análisis fundamental: análisis macroeconómico y de industria | |
| 520 | _aInversiones en Renta Variable. Fundamentos y aplicaciones al mercado accionario colombiano representa sin duda un aporte valioso al desarrollo y comprensión del mercado accionario colombiano. | ||
| 650 | 1 | 4 |
_aMercado de capitales _95901 _zColombia |
| 650 | 1 | 4 |
_aInversiones _95478 _zColombia |
| 650 | 1 | 4 |
_aAdministración financiera _95902 _zColombia |
| 942 |
_2ddc _cBK |
||